000 00622nam a2200241 a 4500
001 nice12345678
003 IN_TiNIC
005 20260116014043.0
008 050524s2000 newa grp 000 0 eng
020 _a0671636
_c295
082 0 0 _a943
_bLEB
100 _aLebor, Adam
245 _aSurviving Hitler, Corruption and Compromise in the Third Reich
260 _aNew York
_bWashington Square Press
_c2000
300 _a338p
500 _aincludes index and biblioraphy
505 2 _aIndex
650 _aGermany-History
650 _aRoger Boyes
902 _bSRS
942 _cBK
999 _c13676
_d13676